Scritti corsari /

সংরক্ষণ করুন:
গ্রন্থ-পঞ্জীর বিবরন
প্রধান লেখক: Pasolini, Pier Paolo (লেখক)
বিন্যাস: গ্রন্থ
ভাষা:ইতালিয়
প্রকাশিত: Milano : Garzanti, 1981
সংস্করন:3. ed
মালা:Opere di Pier Paolo Pasolini
ট্যাগগুলো: ট্যাগ যুক্ত করুন
কোনো ট্যাগ নেই, প্রথমজন হিসাবে ট্যাগ করুন!

MARC

LEADER 00000nam a22000007i 4500
001 IT\ICCU\LIA\0052216
003 ItRI
005 20260115232334.0
008 890907s1981 it |||||| ||||| |||||c
040 |b ita  |c importazione bologna sebina 
041 7 |a ita  |2 ISO-639-2 
100 1 |a Pasolini, Pier Paolo  |0 IT\ICCU\CFIV\001068  |4 aut 
240 1 0 |a Scritti corsari  |3 IT\ICCU\UBO\2410899  |9 Pasolini, Pier Paolo 
245 1 0 |a Scritti corsari /  |c Pier Paolo Pasolini. 
250 |a 3. ed 
260 |a Milano :  |b Garzanti,  |c 1981 
300 |a XVII, 302 p. ;  |c 18 cm. 
830 0 |a Opere di Pier Paolo Pasolini  |0 IT\ICCU\RAV\0155750 
942 |2 ddc  |c BK  |n 0 
952 |0 0  |1 0  |4 0  |6 DOC_858_914000000000000_PAS  |7 0  |9 24433  |a BO  |b BO  |d 2026-01-15  |i 614  |l 0  |o DOC 858.914 PAS  |p BO614  |r 2026-01-15 23:23:34  |w 2026-01-15  |x [Sebina 5] [1 v.]  |y BK  |z 1 v. 
999 |c 20802  |d 20802